The botanical review: Factors affecting the germination of orchid seeds

Guardat en:
Dades bibliogràfiques
Autor principal: Joseph Arditti
Format: Llibre
Idioma:Undetermined
Publicat: New york The New York Botanical garden 1967
Matèries:
Etiquetes: Afegir etiqueta
Sense etiquetes, Sigues el primer a etiquetar aquest registre!
Thư viện lưu trữ: Trung tâm Học liệu Trường Đại học Cần Thơ
LEADER 00532nam a2200181Ia 4500
001 CTU_38775
008 210402s9999 xx 000 0 und d
082 |a 634.04 
082 |b A676 
100 |a Joseph Arditti 
245 4 |a The botanical review: Factors affecting the germination of orchid seeds 
245 0 |c Joseph Arditti 
260 |a New york 
260 |b The New York Botanical garden 
260 |c 1967 
650 |a orchid culture 
904 |i Liên, 990910 
980 |a Trung tâm Học liệu Trường Đại học Cần Thơ